000 00401nam a2200181Ia 4500
001 8231
005 20260306160554.0
008 260306t2006||||xx |||||||||||||| ||spa||
041 _aESP
082 _a370.15
_bS21
100 _aSantrock, John W.
_eAUT
245 0 _aPsicología de la educación
260 _c2006
300 _a
_c
650 _aGEN
654 _aCED
942 _cLIB
_dJUS
_fJUS
_2ddc
_n
999 _c8231
_d8231